| 000 | 00788nam a2200289 i 4500 | ||
|---|---|---|---|
| 003 | DO-SdBNP | ||
| 005 | 20240711082417.0 | ||
| 007 | ta | ||
| 008 | 240711s1993 dr 001 0 spa d | ||
| 020 | _a8478881344 | ||
| 040 |
_aDO-SdBNP _bspa _cBNPHU _erda |
||
| 082 |
_a813.54 _bC771f _222 |
||
| 100 | 1 |
_aCook, Robin _eautor _985936 |
|
| 245 | 1 | 0 |
_aFiebre / _cRobin Cook |
| 264 | 1 |
_aBarcelona : _bTop Emece _c1993. |
|
| 300 |
_a384 páginas, _c18 cm. |
||
| 336 |
_2rdacontent _atexto _btxt |
||
| 337 |
_2rdamedia _asin mediación _bn |
||
| 338 |
_2rdacarrier _avolumen _bnc |
||
| 590 | _aInventariado, 2024/ DG | ||
| 650 | 4 |
_aNovela estadounidense _985937 |
|
| 650 | 4 |
_aLiteratura estadoinidense _986036 |
|
| 700 | _985934 | ||
| 710 | _985912 | ||
| 910 | _aDG | ||
| 942 |
_2ddc _cLBS1 |
||
| 999 |
_c57248 _d57248 |
||